000 00544nam a22002057a 4500
003 OSt
005 20160215145916.0
008 160215b xxu||||| |||| 00| 0 eng d
020 _a9780323074445
040 _cDNLM
082 _aWN200 H431l 2012
100 _aHerring, William
_96812
245 _aLearning Radiology: recognizing the basics
250 _a2nd ed.
260 _aPhiladelphia; Elsevier, 2012
300 _axv,317p; col.ill: 28cm
504 _aBibliography & index included
650 _aRadiology
_947
942 _2z
_cO_SHELF
999 _c3055
_d3055